| 000 | 00909nam a2200265 u 4500 | ||
|---|---|---|---|
| 005 | 20251205063958.0 | ||
| 008 | 070920s19962005 r 000 0 eng d | ||
| 020 | _a8474326060 | ||
| 020 | _a9788497846448 (3a ed.) | ||
| 035 | _aUPN01000152081 | ||
| 049 | _aCG | ||
| 050 | 4 |
_aRC552 E1.8 _bC7.2 |
|
| 100 | 1 | _aCrispo, Rosina | |
| 245 | 1 | 0 |
_aAnorexia y bulimia : _blo que hay que saber : un mapa para recorrer un territorio trastornado / _cRosina Crispo, Eduardo Figueroa y Diana Guelar. |
| 260 |
_aBarcelona, Esp. : _bGedisa, _c1996 (2005 impr.). |
||
| 300 | _a214 p. | ||
| 440 | 0 |
_aPsicología. _pDivulgación y autoayuda |
|
| 500 | _a"Tercera edición: 2011" (reimpresión) | ||
| 650 | 2 |
_aTrastornos de la conducta alimenticia _9383 |
|
| 650 | 2 |
_aAnorexia nerviosa _94748 |
|
| 650 | 2 |
_aBulimia _99416 |
|
| 700 | 1 |
_aFigueroa, Eduardo, _ecoaut. |
|
| 700 | 1 |
_aGuelar, Diana, _ecoaut. |
|
| 905 | _aLibro | ||
| 999 |
_c124216 _d124216 |
||